Detalles MARC
| 000 -CABECERA |
| campo de control de longitud fija |
00951nam a2200289 a 4500 |
| 001 - NÚMERO DE CONTROL |
| campo de control |
000046784 |
| 003 - IDENTIFICADOR DEL NÚMERO DE CONTROL |
| campo de control |
DO-SdBNP |
| 005 - FECHA Y HORA DE LA ÚLTIMA TRANSACCIÓN |
| campo de control |
20240302073951.0 |
| 008 - DATOS DE LONGITUD FIJA--INFORMACIÓN GENERAL |
| campo de control de longitud fija |
110211s2014 dr a 000 0 spa d |
| 020 ## - NÚMERO INTERNACIONAL ESTÁNDAR DEL LIBRO |
| Número Internacional Estándar del Libro |
9789945468489 |
| 040 ## - FUENTE DE LA CATALOGACIÓN |
| Centro catalogador/agencia de origen |
DO-SdBNP |
| Lengua de catalogación |
spa |
| Centro/agencia transcriptor |
BNPHU |
| 082 ## - NÚMERO DE LA CLASIFICACIÓN DECIMAL DEWEY |
| Número de clasificación |
922.27293 |
| Número de documento/Ítem |
S211C, 2014 |
| 100 1# - ENTRADA PRINCIPAL--NOMBRE DE PERSONA |
| Nombre de persona |
Cassá, Roberto, |
| Fechas asociadas al nombre |
1948- |
| 9 (RLIN) |
10888 |
| 245 10 - MENCIÓN DE TÍTULO |
| Título |
Antonio Sánchez Valverde / |
| Mención de responsabilidad, etc. |
Roberto Cassá ; ilustraciones Ramiro Manzano. |
| 250 ## - MENCIÓN DE EDICIÓN |
| Mención de edición |
2a. ed. |
| 260 ## - PUBLICACIÓN, DISTRIBUCIÓN, ETC. |
| Lugar de publicación, distribución, etc. |
Santo Domingo : |
| Nombre del editor, distribuidor, etc. |
Tobogan, |
| Fecha de publicación, distribución, etc. |
2014. |
| Fabricante |
Alfa y Omega |
| 300 ## - DESCRIPCIÓN FÍSICA |
| Extensión |
44 p. : |
| Otras características físicas |
il. ; |
| Dimensiones |
22 cm. |
| 490 1# - MENCIÓN DE SERIE |
| Mención de serie |
Biografías dominicanas Tobogán ; |
| 504 ## - NOTA DE BIBLIOGRAFÍA, ETC. |
| Nota de bibliografía, etc. |
Bibliografía : p. 41 |
| 590 ## - NOTA LOCAL (RLIN) |
| Nota local |
Inventariado, 2018/ YL |
| 600 14 - PUNTO DE ACCESO ADICIONAL DE MATERIA--NOMBRE DE PERSONA |
| Nombre de persona |
SÁNCHEZ VALVERDE, ANTONIO |
| Títulos y otros términos asociados al nombre |
SACERDOTE |
| Fechas asociadas al nombre |
1729-1790 |
| 9 (RLIN) |
51687 |
| 651 #4 - PUNTO DE ACCESO ADICIONAL DE MATERIA--NOMBRE GEOGRÁFICO |
| Nombre geográfico |
República Dominicana |
| Subdivisión general |
Biografías |
| 9 (RLIN) |
1325 |
| 700 12 - PUNTO DE ACCESO ADICIONAL--NOMBRE DE PERSONA |
| Nombre de persona |
Manzano, Ramiro, |
| Término indicativo de función/relación |
il. |
| 9 (RLIN) |
768 |
| 830 #0 - PUNTO DE ACCESO ADICIONAL DE SERIE-TÍTULO UNIFORME |
| Título uniforme |
Biografías dominicanas Tobogán |
| 9 (RLIN) |
769 |
| 910 ## - DATOS DE OPCIÓN DEL USUARIO (OCLC) |
| Datos de opción del usuario |
DG |
| 942 ## - ELEMENTOS DE PUNTO DE ACCESO ADICIONAL (KOHA) |
| Fuente del sistema de clasificación o colocación |
Dewey Decimal Classification |
| Tipo de ítem Koha |
Libro |